00509nam a2200193 a 4500001001300000003000900013005001700022008004100039020001000080082001600090100002900106245003800135260003700173300000900210500003500219505001000254650002200264700002900286nice12345678IN_TiNIC20260116011305.0050524s1926 beia grp 000 0 ara  ac10000a892.73bHUM aHummam, Jarjis Bin Najam aMadarij-Ul-Qira`at, Arabic Reader aBeirutbAmeer Kaniya Pressc1926 a365p aincludes index and biblioraphy2 aNotes aArabic-Literature1 aHummam, Jarjis Bin Najam